Visiones del mundo : [interpretaciones del sentido] /

Bibliographic Details
Main Author: Ortiz-Osés, Andrés
Format: Electronic eBook
Language:Spanish
Published: Bilbao : Universidad de Deusto, 1995.
Series:Serie Filosofía (Universidad de Deusto) ; v. 22.
Subjects:
Online Access:Digitalia Hispánica

MARC

LEADER 00000nam a2200000Ii 4500
001 DIGDEU1322
003 NyNyDIG
006 m o d
007 cr |||||||||||
008 130501s1995 sp a ob 000 0 spa d
020 |a 9788498308600  |q (eBook) 
020 |z 8474853990 
020 |z 9788474853995 
035 |a (OCoLC)857077977 
040 |a DGITA  |b eng  |e pn  |c DGITA 
050 1 4 |a GN452.5 eBook 
100 1 |a Ortiz-Osés, Andrés. 
245 1 0 |a Visiones del mundo :  |b [interpretaciones del sentido] /  |c Andrés Ortiz-Osés. 
264 1 |a Bilbao :  |b Universidad de Deusto,  |c 1995. 
300 |a 1 online resource (225 pages) :  |b ill. 
336 |a text  |b txt  |2 rdacontent 
337 |a computer  |b c  |2 rdamedia 
338 |a online resource  |b cr  |2 rdacarrier 
490 1 |a Serie Filosofía ;  |v vol. 22 
504 |a Includes bibliographical references (p. 219-220). 
650 0 |a Symbolic anthropology. 
650 0 |a Hermeneutics. 
650 0 |a Knowledge, Theory of. 
650 0 |a Sense data. 
655 0 |a Electronic books. 
791 2 |a Digitalia (Firm),  |e distributor. 
830 0 |a Serie Filosofía (Universidad de Deusto) ;  |v v. 22. 
793 0 |g Digitalia eBook Collection:  |a Universidad de Deusto. 
856 4 0 |3 Digitalia Hispánica  |u https://www.digitaliapublishing.com/a/17594/ 
910 |a Premium Collection: 2007-2012